| 000 | 00520nam a2200181Ia 4500 | ||
|---|---|---|---|
| 008 | 090122s9999 xx 000 0 und d | ||
| 082 | _b11916 | ||
| 100 |
_aपाटील _bअविनाश |
||
| 245 | _aसार्थक | ||
| 260 |
_bकोमल _c2005 |
||
| 300 | _a231 | ||
| 501 | _aप्रतिभा बुक डेपो / बि. नं. 44-27.7.07 | ||
| 600 | _aपाटील | ||
| 630 | _aसार्थक | ||
| 700 | _aपाटील | ||
| 730 | _aसार्थक | ||
| 942 | _cBOOK | ||
| 999 |
_c35993 _d35993 |
||